El Genocidio silencioso: experiencias desde América Latina /

محفوظ في:
التفاصيل البيبلوغرافية
المؤلف الرئيسي: Ravinovich, Silvana
التنسيق: نص
الموضوعات:
الوسوم: إضافة وسم
لا توجد وسوم, كن أول من يضع وسما على هذه التسجيلة!

MARC

LEADER 00000 a a2200000 04500
001 9647
003
040
100 |a Ravinovich, Silvana  
245 |a El Genocidio silencioso:   |b experiencias desde América Latina /  |c Silvana Ravinovich 
650 |a GENOCIDIO  
650 |a HISTORIA SOCIAL  
773 |g volumen 7, número 28; páginas 78-86  
999 |c 36276  |d 36276